000 00423nam a22001577a 4500
003 PILC
005 20151014104403.0
008 151014b xxu||||| |||| 00| 0 eng d
020 _a9780061968310
050 _aPZ 7
_b.Ah285 2009
100 _aAhern, Cecelia.
245 _aThe book of tomorrow /
_cCecelia Ahern.
260 _aNew York :
_bHarper Collins,
_c2009.
300 _a320 pages ;
_c19 cm.
942 _2lcc
_cBK
_kFOR
999 _c288855
_d288855